<?xml version="1.0" encoding="UTF-8"?>
<record
    xmlns:xsi="http://www.w3.org/2001/XMLSchema-instance"
    xsi:schemaLocation="http://www.loc.gov/MARC21/slim http://www.loc.gov/standards/marcxml/schema/MARC21slim.xsd"
    xmlns="http://www.loc.gov/MARC21/slim">

  <leader>     nam a22     7a 4500</leader>
  <datafield tag="999" ind1=" " ind2=" ">
    <subfield code="c">10620</subfield>
    <subfield code="d">10620</subfield>
  </datafield>
  <controlfield tag="003">OSt</controlfield>
  <controlfield tag="005">20260602220616.0</controlfield>
  <controlfield tag="008">260602b           ||||| |||| 00| 0 eng d</controlfield>
  <datafield tag="040" ind1=" " ind2=" ">
    <subfield code="c">LIC</subfield>
  </datafield>
  <datafield tag="041" ind1=" " ind2=" ">
    <subfield code="a">vie</subfield>
  </datafield>
  <datafield tag="082" ind1=" " ind2=" ">
    <subfield code="a">634</subfield>
    <subfield code="b">N</subfield>
  </datafield>
  <datafield tag="100" ind1=" " ind2=" ">
    <subfield code="a">Nguy&#x1EC5;n, Duy Ng&#x1ECD;c T&#xE2;n</subfield>
  </datafield>
  <datafield tag="245" ind1=" " ind2=" ">
    <subfield code="a">Nghi&#xEA;n c&#x1EE9;u &#x111;&#x1EB7;c &#x111;i&#x1EC3;m sinh h&#x1ECD;c v&#xE0; k&#x1EF9; thu&#x1EAD;t g&#xE2;y tr&#x1ED3;ng lo&#xE0;i v&#x1EB1;ng s&#x1EBB; (Jasminum subtriplinerve Blume) t&#x1EA1;i khu v&#x1EF1;c Trung Trung B&#x1ED9;</subfield>
    <subfield code="b">Lu&#x1EAD;n &#xE1;n Ti&#x1EBF;n s&#x129; L&#xE2;m sinh. Ng&#xE0;nh: L&#xE2;m sinh. M&#xE3; s&#x1ED1;: 9620205</subfield>
    <subfield code="c">Nguy&#x1EC5;n Duy Ng&#x1ECD;c T&#xE2;n</subfield>
  </datafield>
  <datafield tag="260" ind1=" " ind2=" ">
    <subfield code="a">Hu&#x1EBF;</subfield>
    <subfield code="c">2026</subfield>
  </datafield>
  <datafield tag="300" ind1=" " ind2=" ">
    <subfield code="a">136tr.,pl.</subfield>
    <subfield code="b">Minh h&#x1ECD;a (&#x1EA3;nh m&#xE0;u)</subfield>
    <subfield code="c">30cm.</subfield>
  </datafield>
  <datafield tag="500" ind1=" " ind2=" ">
    <subfield code="a">Ng&#x1B0;&#x1EDD;i HDKH: PGS.TS. Nguy&#x1EC5;n H&#x1ED3; Lam, TS. Tr&#x1EA7;n Minh &#x110;&#x1EE9;c</subfield>
  </datafield>
  <datafield tag="520" ind1=" " ind2=" ">
    <subfield code="a">N&#x1ED9;i dung nghi&#xEA;n c&#x1EE9;u c&#x1EE7;a lu&#x1EAD;n &#xE1;n: N&#x1ED9;i dung 1:  Nghi&#xEA;n c&#x1EE9;u &#x111;&#x1EB7;c &#x111;i&#x1EC3;m sinh h&#x1ECD;c v&#xE0; sinh th&#xE1;i: X&#xE1;c &#x111;&#x1ECB;nh &#x111;&#x1EB7;c &#x111;i&#x1EC3;m h&#xEC;nh th&#xE1;i, v&#x1EAD;t h&#x1EAD;u, danh ph&#xE1;p khoa h&#x1ECD;c. X&#xE1;c &#x111;&#x1ECB;nh &#x111;&#x1EB7;c &#x111;i&#x1EC3;m sinh th&#xE1;i v&#xE0; c&#xE1;c y&#x1EBF;u t&#x1ED1; &#x1EA3;nh h&#x1B0;&#x1EDF;ng &#x111;&#x1EBF;n ph&#xE2;n b&#x1ED1;. N&#x1ED9;i dung 2: &#x110;&#xE1;nh gi&#xE1; ti&#x1EC1;m n&#x103;ng th&#xED;ch nghi sinh th&#xE1;i: &#x110;&#xE1;nh gi&#xE1; ti&#x1EC1;m n&#x103;ng th&#xED;ch nghi sinh th&#xE1;i hi&#x1EC7;n t&#x1EA1;i v&#xE0; t&#x1B0;&#x1A1;ng lai theo c&#xE1;c k&#x1ECB;ch b&#x1EA3;n c&#x1EE7;a bi&#x1EBF;n &#x111;&#x1ED5;i kh&#xED; h&#x1EAD;u  (B&#x110;KH). X&#xE2;y d&#x1EF1;ng h&#x1EC7; th&#x1ED1;ng b&#x1EA3;n &#x111;&#x1ED3; &#x111;&#xE1;nh gi&#xE1; m&#x1EE9;c &#x111;&#x1ED9; th&#xED;ch nghi sinh th&#xE1;i, ph&#xE2;n t&#xED;ch c&#xE1;c bi&#x1EBF;n &#x111;&#x1ED9;ng v&#xE0; xu h&#x1B0;&#x1EDB;ng d&#x1ECB;ch chuy&#x1EC3;n theo c&#xE1;c k&#x1ECB;ch b&#x1EA3;n B&#x110;KH. N&#x1ED9;i dung 3: Nghi&#xEA;n c&#x1EE9;u k&#x1EF9; thu&#x1EAD;t nh&#xE2;n gi&#x1ED1;ng v&#xE0; g&#xE2;y tr&#x1ED3;ng: &#x110;&#xE1;nh gi&#xE1; &#x1EA3;nh h&#x1B0;&#x1EDF;ng c&#x1EE7;a m&#x1ED9;t s&#x1ED1; y&#x1EBF;u t&#x1ED1; &#x111;&#x1EBF;n sinh tr&#x1B0;&#x1EDF;ng v&#xE0; ph&#xE1;t tri&#x1EC3;n c&#x1EE7;a lo&#xE0;i v&#x1EB1;ng s&#x1EBB; trong gi&#x1EA3;i &#x111;o&#x1EA1;n v&#x1B0;&#x1EDD;n &#x1B0;&#x1A1;m. &#x110;&#xE1;nh gi&#xE1; &#x1EA3;nh h&#x1B0;&#x1EDF;ng c&#x1EE7;a c&#xE1;c bi&#x1EC7;n ph&#xE1;p k&#x1EF9; thu&#x1EAD;t v&#xE0; &#x111;i&#x1EC1;u ki&#x1EC7;n sinh th&#xE1;i &#x111;&#x1EBF;n sinh tr&#x1B0;&#x1EDF;ng, ph&#xE1;t tri&#x1EC3;n v&#xE0; n&#x103;ng su&#x1EA5;t c&#xE2;y tr&#x1ED3;ng trong c&#xE1;c m&#xF4; h&#xEC;nh. N&#x1ED9;i dung 4: X&#xE1;c &#x111;&#x1ECB;nh h&#xE0;m l&#x1B0;&#x1EE3;ng ho&#x1EA1;t ch&#x1EA5;t ch&#xED;nh v&#xE0; ho&#x1EA1;t ch&#x1EA5;t sinh h&#x1ECD;c: &#x110;&#xE1;nh gi&#xE1; h&#xE0;m l&#x1B0;&#x1EE3;ng ho&#x1EA1;t ch&#x1EA5;t ch&#xED;nh (flavonoid t&#x1ED5;ng s&#x1ED1;). &#x110;&#xE1;nh gi&#xE1; ho&#x1EA1;t t&#xED;nh kh&#xE1;ng vi&#xEA;m (kh&#x1EA3; n&#x103;ng &#x1EE9;c ch&#x1EBF; s&#x1EA3;n sinh NO). &#x110;&#xE1;nh gi&#xE1; ho&#x1EA1;t t&#xED;nh ch&#x1ED1;ng oxy h&#xF3;a (kh&#x1EA3; n&#x103;ng trung h&#xF2;a g&#x1ED1;c t&#x1EF1; do DPPH).</subfield>
  </datafield>
  <datafield tag="650" ind1=" " ind2=" ">
    <subfield code="a">L&#xE2;m nghi&#x1EC7;p</subfield>
    <subfield code="x">L&#xE2;m sinh</subfield>
  </datafield>
  <datafield tag="653" ind1=" " ind2=" ">
    <subfield code="a">L&#xE2;m sinh</subfield>
    <subfield code="a">Lo&#xE0;i v&#x1EB1;ng s&#x1EBB;</subfield>
    <subfield code="a">Sinh tr&#x1B0;&#x1EDF;ng ph&#xE1;t tri&#x1EC3;n</subfield>
    <subfield code="a">K&#x1EF9; thu&#x1EAD;t g&#xE2;y tr&#x1ED3;ng</subfield>
    <subfield code="a">Jasminum subtriplinerve Blume</subfield>
  </datafield>
  <datafield tag="942" ind1=" " ind2=" ">
    <subfield code="2">ddc</subfield>
    <subfield code="c">LALV</subfield>
  </datafield>
  <datafield tag="952" ind1=" " ind2=" ">
    <subfield code="0">0</subfield>
    <subfield code="1">0</subfield>
    <subfield code="2">ddc</subfield>
    <subfield code="4">0</subfield>
    <subfield code="7">0</subfield>
    <subfield code="a">109</subfield>
    <subfield code="b">109.2</subfield>
    <subfield code="d">2026-06-02</subfield>
    <subfield code="o">LA/LN </subfield>
    <subfield code="p">2026/N</subfield>
    <subfield code="r">2026-06-02</subfield>
    <subfield code="w">2026-06-02</subfield>
    <subfield code="y">LALV</subfield>
  </datafield>
</record>
